15 najzdrowszych warzyw - Statystyki

Ogólne statystyki
  • Ten quiz został rozwiązany 3 541 razy
  • Średni wynik to 6 z 15
Statystyki odpowiedzi
# Warzywo % Poprawnych
7 Pomidor
89%
13 Marchew zwyczajna
88%
5 Kapusta
58%
11 Seler
53%
4 Burak zwyczajny
52%
3 Brokuł
51%
12 Papryka
48%
10 Kalafior
46%
15 Por
41%
2 Szpinak
30%
8 Brukselka
26%
6 Szparag
20%
1 Jarmuż
12%
9 Wilec ziemniaczany
9%
14 Kapusta warzywna
1%
Nie znaleziono quizów pasujących do podanych kryteriów
Rozkład punktacji
Procent ludzi z każdym wynikiem
Percentyl według liczby udzielonych odpowiedzi
Twoja historia wyników
Nie rozwiązałeś tego quizu